| 000 | 00432nam a22001577a 4500 | ||
|---|---|---|---|
| 003 | OSt | ||
| 008 | 260624b |||||||| |||| 00| 0 eng d | ||
| 020 | _a9798885752077 | ||
| 082 |
_a294.5 _bB16H |
||
| 100 | _aBakshi, G.D. | ||
| 245 | _aA History of Hinduism: An Inside-the-Tradition View / by G.D. Bakshi | ||
| 260 |
_aGurugram : _bGaruda Prakashan, _c2024 |
||
| 300 | _a437 p. | ||
| 650 | _aReligion | Hinduism | ||
| 942 |
_2ddc _cBK |
||
| 999 |
_c52263 _d52263 |
||